<?xml version="1.0" encoding="UTF-8"?>
<record
    xmlns:xsi="http://www.w3.org/2001/XMLSchema-instance"
    xsi:schemaLocation="http://www.loc.gov/MARC21/slim http://www.loc.gov/standards/marcxml/schema/MARC21slim.xsd"
    xmlns="http://www.loc.gov/MARC21/slim">

  <leader>01212cam a2200277Mi 4500</leader>
  <datafield tag="999" ind1=" " ind2=" ">
    <subfield code="c">2193</subfield>
    <subfield code="d">2193</subfield>
  </datafield>
  <controlfield tag="001">664366297</controlfield>
  <controlfield tag="003">OCoLC</controlfield>
  <controlfield tag="005">20181009162930.0</controlfield>
  <controlfield tag="008">800221s1890    tnu      d    000 0 eng d</controlfield>
  <datafield tag="020" ind1=" " ind2=" ">
    <subfield code="a">0687400295</subfield>
  </datafield>
  <datafield tag="020" ind1=" " ind2=" ">
    <subfield code="a">9780687400294</subfield>
  </datafield>
  <datafield tag="020" ind1=" " ind2=" ">
    <subfield code="a">0529063343</subfield>
  </datafield>
  <datafield tag="035" ind1=" " ind2=" ">
    <subfield code="a">(OCoLC)664366297</subfield>
  </datafield>
  <datafield tag="040" ind1=" " ind2=" ">
    <subfield code="a">HALAN</subfield>
    <subfield code="b">eng</subfield>
    <subfield code="c">HALAN</subfield>
    <subfield code="d">OCLCQ</subfield>
    <subfield code="d">CIRBC</subfield>
  </datafield>
  <datafield tag="082" ind1=" " ind2=" ">
    <subfield code="a">REF 220.5</subfield>
    <subfield code="b">S923S</subfield>
  </datafield>
  <datafield tag="092" ind1=" " ind2=" ">
    <subfield code="a">220.3</subfield>
    <subfield code="b">S9236c</subfield>
  </datafield>
  <datafield tag="100" ind1="1" ind2=" ">
    <subfield code="a">Strong, James,</subfield>
    <subfield code="d">1822-1894.</subfield>
  </datafield>
  <datafield tag="245" ind1="1" ind2="4">
    <subfield code="a">The exhaustive concordance of the Bible :</subfield>
    <subfield code="b">showing every word of the text of the common English version of the canonical books, and every occurrence of each word in regular order ; together with key-word comparison of selected words and phrases in the King James version with five leading contemporary translations, also brief dictionaries of the Hebrew and Greek words of the original, with references to the English words /</subfield>
    <subfield code="c">by James Strong.</subfield>
  </datafield>
  <datafield tag="250" ind1=" " ind2=" ">
    <subfield code="a">1st ed.</subfield>
  </datafield>
  <datafield tag="260" ind1=" " ind2=" ">
    <subfield code="a">Nashville, Tenn. :</subfield>
    <subfield code="b">Abingdon,</subfield>
    <subfield code="c">1890.</subfield>
  </datafield>
  <datafield tag="300" ind1=" " ind2=" ">
    <subfield code="a">4 v. in 1. ;</subfield>
    <subfield code="c">29 cm.</subfield>
  </datafield>
  <datafield tag="630" ind1="0" ind2="0">
    <subfield code="a">Bible</subfield>
    <subfield code="v">Concordances, English.</subfield>
  </datafield>
  <datafield tag="650" ind1=" " ind2="0">
    <subfield code="a">Hebrew language</subfield>
    <subfield code="v">Dictionaries</subfield>
    <subfield code="x">English.</subfield>
  </datafield>
  <datafield tag="650" ind1=" " ind2="0">
    <subfield code="a">Greek language, Biblical</subfield>
    <subfield code="v">Dictionaries</subfield>
    <subfield code="x">English.</subfield>
  </datafield>
  <datafield tag="942" ind1=" " ind2=" ">
    <subfield code="2">ddc</subfield>
    <subfield code="c">REF</subfield>
  </datafield>
</record>
